| 000 | 00410pab a2200169 454500 | ||
|---|---|---|---|
| 008 | 180718b2012 xxu||||| |||| 00| 0 eng d | ||
| 100 | _aYork, Richard | ||
| 245 | _aChoking on modernity: A human ecology of air pollution | ||
| 260 | _c2012 | ||
| 300 | _ap.282-300. | ||
| 362 | _aMay | ||
| 650 | _aAir pollution | ||
| 700 | _aRosa, Eugene A. | ||
| 773 | _aSocial Problems | ||
| 908 | _aN | ||
| 909 | _a97044 | ||
| 999 |
_c97044 _d97044 |
||